Brighter (Record no. 168789)
[ view plain ]
| 000 -LEADER | |
|---|---|
| fixed length control field | 01149nam a2200313Ia 4500 |
| 100 1# - MAIN ENTRY--AUTHOR NAME | |
| Personal name | Horvath, Michael. |
| 245 10 - TITLE STATEMENT | |
| Title | Brighter |
| 260 ## - PUBLICATION, DISTRIBUTION, ETC. (IMPRINT) | |
| Place of publication | Suffern, NY : |
| Name of publisher | Tatra Press : |
| -- | Distributed by National Book Network, |
| Year of publication | c2009. |
| 300 ## - PHYSICAL DESCRIPTION | |
| Number of Pages | 143 p. |
| 650 #0 - SUBJECT ADDED ENTRY--TOPICAL TERM | |
| Topical Term | Graphite |
| Topical Term | Art dealers |
| 856 40 - ELECTRONIC LOCATION AND ACCESS | |
| Uniform Resource Identifier | http://site.ebrary.com/lib/rucke/Doc?id=10678431 |
No items available.
